| 000 | 01938nam a2200337 a 4500 | ||
|---|---|---|---|
| 001 | 000017883 | ||
| 003 | DO-SdBPM | ||
| 005 | 20250922114241.0 | ||
| 007 | ta | ||
| 008 | 100407s2013 dr ad 000 0 spa d | ||
| 040 |
_aDO-SdBPM _bspa _cBPMSU _drda |
||
| 082 | 4 |
_a317.2932 _bR426pl 2013 _222 |
|
| 092 |
_a _b |
||
| 110 | 1 |
_aRepública Dominicana _bOficina Nacional de Estadística |
|
| 245 | 0 | 0 |
_aPlan Estadístico Nacional República Dominicana 2013-2016 : _bmás y mejores estadísticas para el desarrollo nacional / _cpresentación Pablo Tactuk. |
| 246 | 1 | 3 | _aPlan Estadístico Nacional (PEN) |
| 264 |
_aSanto Domingo : _bOficina Nacional de Estadística (ONE) _c2013 _b |
||
| 300 |
_a202 páginas : _bilustración, diagramas ; _c28 cm. |
||
| 336 |
_atexto _btxt _2rdacontent |
||
| 337 |
_asin mediación _bn _2rdamedia |
||
| 338 |
_avolumen _bnc _2rdacarrier |
||
| 505 | 0 | _aPresentación 9 -- Resumen ejecutivo 11 -- 1. Introducción 15 -- 2. La información estadística en la agenda de políticas públicas del gobierno 15 -- 3. Asistencia técnica y donaciones recientes y en curso de organismos multilaterales para el desarrollo estadístico 16 -- 4. Iniciativas de desarrollo estadístico 17 -- 5. Proceso de preparación del Plan Estadístico Nacional (PEN) 20 -- Parte 1: Descripción del sistema estadísco nacional 26 --L 26 -- Parte 2: Diagnóstico de la producción estadística 31 -- Parte 3: Plan estadístico nacional 68 -- Parte 4: Anexos y referencias bibliográficas 91 -- Referencias bibliográficas 200. | |
| 590 | _aInventariado, 2025/VM | ||
| 650 | 7 |
_aEstadísticas _zRepública Dominicana |
|
| 651 | 7 |
_aRepública Dominicana _xPlanificación estratégica _x |
|
| 651 | 7 |
_aRepública Dominicana _x Desarrollo social |
|
| 651 | 4 |
_aRepública Dominicana _xDesarrollo económico |
|
| 700 | 1 |
_aTactuk, Pablo _epresentación |
|
| 910 | _aVMateo V. Control de calidad BPMSU | ||
| 942 |
_2ddc _cBK |
||
| 999 |
_c15419 _d15419 |
||